000 00288nam a2200133Ia 4500
008 221030s9999 xx 000 0 und d
082 _a105.23
_bMBA
245 0 _aConsumer Behavior
_bCD
260 _c2004
650 _aBook
700 _aK. A. Coney
700 _aR. J. Best
942 _cCD
999 _c4428
_d4428